The analysis of international relations /

Bibliographic Details
Main Author: Deutsch, Karl W. (Karl Wolfgang), 1912-1992
Format: Book
Language:English
Published: Englewood Cliffs, N.J. : Prentice Hall, [1988]
Edition:3rd ed.
Subjects:

MARC

Tag First Indicator Second Indicator Subfields
LEADER 00000cam a22000008a 4500
001 in00000017559
005 20151007053609.0
008 870901s1988 nju b 00110 eng
010 |a  87025722  
020 |a 0130330108 :  |c $18.00 
035 |a (OCoLC)16718712 
035 |9 AAB2195AM 
040 |a DLC  |c DLC  |d TXA  |d UtOrBLW 
049 |a TXAM  |c [A11051859] 
050 0 0 |a JX1291  |b .D48 1988 
082 0 |a 327  |2 19 
100 1 |a Deutsch, Karl W.  |q (Karl Wolfgang),  |d 1912-1992. 
245 1 4 |a The analysis of international relations /  |c Karl W. Deutsch. 
250 |a 3rd ed. 
263 |a 8801 
264 1 |a Englewood Cliffs, N.J. :  |b Prentice Hall,  |c [1988] 
264 4 |c ©1988 
300 |a xi, 363 pages :  |b illustrations 
336 |a text  |b txt  |2 rdacontent 
337 |a unmediated  |b n  |2 rdamedia 
338 |a volume  |b nc  |2 rdacarrier 
504 |a Bibliography: pages 322-352. 
500 |a Includes index. 
650 0 |a International relations  |x Research. 
999 |a MARS 
999 f f |s c1ccfce7-c80e-3cd1-80ae-c42d5096b938  |i 9b874a12-0607-38ca-bafa-a10c353be296  |t 0 
952 f f |p ric  |a Texas A&M University  |b Rellis Campus  |c Joint Library Facility  |d Remote Storage  |t 0  |e JX1291 .D48 1988  |h Library of Congress classification  |i unmediated -- volume  |m A14811051859 
998 f f |a JX1291 .D48 1988  |t 0  |l Remote Storage